000 00672nam a2200241Ia 4500
003 OSt
005 20220925204026.0
006 a|||||r|||| 00| 0
007 ta
008 220923b |||||||| |||| 00| 0 eng d
037 _cGeneral Book
040 _aRTL
_cRTL
_beng
041 _2eng
_aeng
082 _aX9(J).236r, GD
110 _aGujarat, Agriculture (Deptt)
_9267592
245 0 _aAnnual adminstriation report
260 _aGandhinagar
_bGovt Press India
490 _v1974-75
650 _aAgriculture Industry
700 _aGujarat, Agriculture (Deptt)
_9267593
942 _hX9(J).236r, GD
_cGB
_2CC
999 _c548374
_d548374